Optimalizácia podmienok SPME extrakcie pre analýzu VOC v tokajských vínach pomocou GCxGC-HRTOF-MS diplomová práca

Gespeichert in:
Bibliographische Detailangaben
1. Verfasser: Jesenská, Soňa
Format: Buch
Sprache:Slowakisch
Veröffentlicht: Bratislava STU FCHPT 2018
Online-Zugang:Im OPAC anzeigen
Tags: Tag hinzufügen
Keine Tags, Fügen Sie das erste Tag hinzu!

MARC

LEADER 00000nam a2200000 a 4500
005 20260127134112.0
008 180828 2018 xo a 001 0 slo d
035 |a vtls011774904 
039 9 |y 201808280900  |z mschk03 
040 |a STUSCHK1  |b slo  |c STUSCHK1  |e AACR2 
100 1 |a Jesenská, Soňa 
245 1 |a Optimalizácia podmienok SPME extrakcie pre analýzu VOC v tokajských vínach pomocou GCxGC-HRTOF-MS  |b diplomová práca  |c Soňa Jesenská 
260 |a Bratislava  |b STU FCHPT  |c 2018 
300 |a 41 s.  |b il.  |c 25 cm 
500 |a Študijný program: chémia, medicínska chémia a chemické materiály 
500 |a Študijný odbor: chemické technológie, chémia 
500 |a Školiace pracovisko: Ústav analytickej chémie 
500 |a Evid. číslo: FCHPT-13569-76598 
910 |a SCHK95 
999 |c 4130  |d 4130